| 000 | 00000nam##2200000za#4500 |
| 001 | 9.621217 |
| 003 | CaOODSP |
| 005 | 20241128084217 |
| 007 | ta |
| 008 | 150406|1991||||xxc||||| f|0| 0 fre|d |
| 020 | |a0-662-96487-X |
| 040 | |aCaOODSP|bfre |
| 043 | |an-cn--- |
| 086 | 1 |aA54-8/1991-2F |
| 110 | 1 |aCanada. |bService des fermes expérimentales. |
| 245 | 10|aÉtude de la race ovine Finnoise au Canada / |cpar M. H. Fahmy. |
| 260 | |aOttawa - Ontario : |bAgriculture Canada. |c1991. |
| 300 | |a69p. : |btableaux ; |c28 cm. |
| 490 | 1 |aBulletin technique|v1991-2F |
| 504 | |aBibliographie. |
| 546 | |aAbstract in English |
| 563 | |aCouverture souple |
| 720 | 1 |aFahmy, M. H. |
| 776 | 0#|tÉtude de la race ovine Finnoise au Canada |w(CaOODSP)9.608404 |
| 830 | #0|aBulletin technique ;|v1991-2F|w(CaOODSP)9.512830 |